Music Quiz

Random Music or Artist Quiz

1950s Artists on the Album Cover Quiz Stats

 Plays Quiz Updated Aug 28, 2014

Support Sporcle.
Go Orange.
Score 0/20 Timer 06:00
11 Plays Today
Musician % Correct
Elvis Presley (Elvis Presley)
96.5%
Frank Sinatra (In the Wee Small Hours)
85.7%
Ray Charles (What'd I Say)
80.5%
Little Richard (Here's Little Richard)
80%
Louis Armstrong (Struttin')
77.2%
Buddy Holly (That'll Be the Day)
69.7%
Fats Domino (Swings)
68.8%
Chuck Berry (One Dozen Berrys)
62.5%
Nat King Cole (The Piano Style of Nat King Cole)
59.6%
The Everly Brothers (Songs Our Daddy Taught Us)
59.5%
Musician % Correct
Miles Davis (Kind of Blue)
56.9%
Hank Williams (Honky Tonkin')
56.6%
Jerry Lee Lewis (Jerry Lee Lewis)
53.5%
Bing Crosby (Bing Sings Whilst Bregman Swings)
51.9%
James Brown (Please, Please, Please)
50.9%
Billie Holiday (Lady in Satin)
40.7%
Paul Anka (Diana)
26.7%
Bo Diddley (Bo Diddley)
20.8%
Muddy Waters (The Best of Muddy Waters)
18.8%
Woody Guthrie (Songs to Grow on for Mother and Child)
12.2%

You're not logged in!

Compare scores with friends on all Sporcle quizzes.
OR
Log In

From the Vault

We Didn't Make The World Cup!

by LabinotHarbuzi

Even though they didn't make the World Cup, at least they made this quiz. Consolation prize?
Remove Ads.
Support Sporcle.
Get the best of Sporcle when you Go Orange. This ad-free experience offers more features, more stats, and more fun while also helping to support Sporcle. Thank you for becoming a member.

Show Comments

Extras

Top Quizzes Today


Score Distribution

Your Account Isn't Verified!

In order to create a playlist on Sporcle, you need to verify the email address you used during registration. Go to your Sporcle Settings to finish the process.

Report this User

Report this user for behavior that violates our Community Guidelines.

Details: